[Event "SWVG Arnold Classic Prestige All 2019"]
[Site "Sandton"]
[Date "2019.05.18"]
[Round "6.9"]
[White "Simutowe, Musatwe"]
[Black "Fourie, Brandon"]
[Result "1-0"]
[WhiteElo "2170"]
[BlackElo "1566"]
[Annotator "NA"]
[PlyCount "93"]
[EventDate "2019.05.18"]
[EventType "swiss"]
[EventCountry "RSA"]
[SourceTitle "playchess.com"]
[Source "ChessBase"]
[SourceQuality "1"]
[TimeControl "1500+10"]

1. Nf3 {[%emt 0:00:00]} Nf6 {[%emt 0:00:02]} 2. c4 {[%emt 0:00:00]} e6 {[%emt 0:00:05]} 3. g3 {[%emt 0:00:08]} Be7 {[%emt 0:00:08]} 4. Bg2 {[%emt 0:00:03]} d5 {[%emt 0:00:09]} 5. O-O {[%emt 0:00:04]} O-O {[%emt 0:00:03]} 6. Qc2 {[%emt 0:00:07]} dxc4 {[%emt 0:00:54]} 7. Qxc4 {[%emt 0:00:07]} Nbd7 {[%emt 0:00:56]} 8. d4 {[%emt 0:00:03]} a6 {[%emt 0:00:04]} 9. Nc3 {[%emt 0:00:08]} b5 {[%emt 0:00:01]} 10. Qd3 {[%emt 0:00:10]} Bb7 {[%emt 0:00:01]} 11. Rd1 {[%emt 0:00:20]} c5 {[%emt 0:00:15]} 12. Bg5 {[%emt 0:00:15]} h6 {[%emt 0:00:46]} 13. Bf4 {[%emt 0:00:12]} c4 {[%emt 0:00:33]} 14. Qc2 {[%emt 0:00:08]} Qa5 {[%emt 0:00:55]} 15. Ne1 {[%emt 0:01:34]} Bxg2 {[%emt 0:00:31]} 16. Nxg2 {[%emt 0:00:02]} Rac8 {[%emt 0:01:21]} 17. e4 {[%emt 0:00:03]} b4 {[%emt 0:01:11]} 18. Ne2 {[%emt 0:00:13]} c3 {[%emt 0:02:05]} 19. bxc3 {[%emt 0:00:21]} bxc3 {[%emt 0:00:05]} 20. Ne1 {[%emt 0:00:07]} Rc4 {[%emt 0:00:46]} 21. Rab1 {[%emt 0:00:54]} Nb6 {[%emt 0:05:11]} 22. Rb3 {[%emt 0:03:06]} Rfc8 {[%emt 0:00:35]} 23. Rdb1 {[%emt 0:00:01]} Nfd7 {[%emt 0:00:50]} 24. Be3 {[%emt 0:00:12]} Na4 {[%emt 0:01:47]} 25. Nd3 {[%emt 0:00:37]} Bf8 {[%emt 0:04:24]} 26. Rb7 {[%emt 0:00:47]} R8c7 {[%emt 0:00:46]} 27. Bf4 {[%emt 0:00:33]} Rxb7 {[%emt 0:00:23]} 28. Rxb7 {[%emt 0:00:03]} Nab6 {[%emt 0:01:24]} 29. Kg2 {[%emt 0:00:29]} Qb5 {[%emt 0:00:53]} 30. f3 {[%emt 0:00:31]} g5 {[%emt 0:00:40]} 31. Be3 {[%emt 0:00:27]} Qc6 {[%emt 0:00:13]} 32. Ra7 {[%emt 0:00:02]} Nc8 {[%emt 0:00:43]} 33. Rxd7 {[%emt 0:00:03]} Qxd7 {[%emt 0:00:07]} 34. Ne5 {[%emt 0:00:02]} Qa4 {[%emt 0:00:16]} 35. Qd3 {[%emt 0:00:30]} Rc7 {[%emt 0:00:16]} 36. Nxc3 {[%emt 0:02:09]} Qa3 {[%emt 0:00:27]} 37. Bd2 {[%emt 0:00:09]} Nb6 {[%emt 0:00:27]} 38. Ng4 {[%emt 0:01:24]} Bg7 {[%emt 0:00:27]} 39. Nf2 {[%emt 0:00:18]} Rc4 {[%emt 0:00:13]} 40. e5 {[%emt 0:00:08]} Rc7 {[%emt 0:00:47]} 41. Qb1 {[%emt 0:00:35]} Nc8 {[%emt 0:00:26]} 42. Nce4 {[%emt 0:00:05]} Qe7 {[%emt 0:00:05]} 43. Qb8 {[%emt 0:00:19]} Kh7 {[%emt 0:00:05]} 44. Ba5 {[%emt 0:00:16]} Rc2 {[%emt 0:00:10]} 45. Qb1 {[%emt 0:00:08]} Rc6 {[%emt 0:00:08]} 46. Nf6+ {[%emt 0:00:03]} Kh8 {[%emt 0:00:28]} 47. Qh7# {[%emt 0:00:08]} 1-0

[Event "SWVG Arnold Classic Prestige All 2019"]
[Site "Sandton"]
[Date "2019.05.18"]
[Round "6.10"]
[White "Bucceri, Draven"]
[Black "Klevansky, Aron"]
[Result "1/2-1/2"]
[WhiteElo "1633"]
[BlackElo "1878"]
[Annotator "NA"]
[PlyCount "42"]
[EventDate "2019.05.18"]
[EventType "swiss"]
[EventCountry "RSA"]
[SourceTitle "playchess.com"]
[Source "ChessBase"]
[SourceQuality "1"]
[TimeControl "1500+10"]

1. d4 {[%emt 0:25:10]} Nf6 {[%emt 0:25:10]} 2. Bf4 {[%emt 0:00:10]} g6 {[%emt 0:00:10]} 3. e3 {[%emt 0:00:10]} Bg7 {[%emt 0:00:10]} 4. c3 {[%emt 0:00:10]} d6 {[%emt 0:00:10]} 5. Be2 {[%emt 0:00:10]} O-O {[%emt 0:00:10]} 6. h3 {[%emt 0:00:10]} c5 {[%emt 0:00:10]} 7. Nf3 {[%emt 0:00:10]} b6 {[%emt 0:00:10]} 8. O-O {[%emt 0:00:10]} Bb7 {[%emt 0:00:10]} 9. Nbd2 {[%emt 0:00:10]} Nc6 {[%emt 0:00:10]} 10. a4 {[%emt 0:00:10]} cxd4 {[%emt 0:00:10]} 11. exd4 {[%emt 0:00:10]} Nd7 {[%emt 0:00:10]} 12. Nc4 {[%emt 0:00:10]} Na5 {[%emt 0:00:10]} 13. b4 {[%emt 0:00:10]} Nxc4 {[%emt 0:00:10]} 14. Bxc4 {[%emt 0:00:10]} Rc8 {[%emt 0:00:10]} 15. Qb3 {[%emt 0:00:10]} e5 {[%emt 0:00:10]} 16. Bg5 {[%emt 0:00:10]} Qc7 {[%emt 0:00:10]} 17. Bb5 {[%emt 0:00:10]} a6 {[%emt 0:00:10]} 18. Bxd7 {[%emt 0:00:10]} Qxd7 {[%emt 0:00:10]} 19. dxe5 {[%emt 0:00:10]} dxe5 {[%emt 0:00:10]} 20. Nd2 {[%emt 0:00:10]} Qc6 {[%emt 0:00:10]} 21. f3 {[%emt 0:00:10]} Qxc3 {[%emt 0:00:10]} 1/2-1/2

[Event "SWVG Arnold Classic Prestige All 2019"]
[Site "Sandton"]
[Date "2019.05.18"]
[Round "6.11"]
[White "Sithole, Collins"]
[Black "Van Der Walt, Pierre E."]
[Result "1/2-1/2"]
[WhiteElo "1861"]
[BlackElo "1993"]
[Annotator "NA"]
[PlyCount "177"]
[EventDate "2019.05.18"]
[EventType "swiss"]
[EventCountry "RSA"]
[SourceTitle "playchess.com"]
[Source "ChessBase"]
[SourceQuality "1"]
[TimeControl "1500+10"]

1. Nf3 {[%emt 0:00:00]} Nf6 {[%emt 0:00:00]} 2. c4 {[%emt 0:00:00]} g6 {[%emt 0:00:03]} 3. Nc3 {[%emt 0:00:00]} Bg7 {[%emt 0:00:01]} 4. d4 {[%emt 0:00:10]} d5 {[%emt 0:00:06]} 5. cxd5 {[%emt 0:01:13]} Nxd5 {[%emt 0:00:02]} 6. e4 {[%emt 0:00:04]} Nxc3 {[%emt 0:00:01]} 7. bxc3 {[%emt 0:00:02]} c5 {[%emt 0:00:13]} 8. Be3 {[%emt 0:00:38]} Qa5 {[%emt 0:01:15]} 9. Qb3 {[%emt 0:01:15]} O-O {[%emt 0:01:39]} 10. Bc4 {[%emt 0:00:10]} Nc6 {[%emt 0:00:44]} 11. O-O {[%emt 0:00:18]} Bg4 {[%emt 0:02:21]} 12. Ng5 {[%emt 0:01:01]} cxd4 {[%emt 0:01:20]} 13. Bxf7+ {[%emt 0:02:07]} Kh8 {[%emt 0:00:32]} 14. cxd4 {[%emt 0:00:28]} h6 {[%emt 0:01:28]} 15. Nf3 {[%emt 0:01:07]} Bxf3 {[%emt 0:00:52]} 16. gxf3 {[%emt 0:00:03]} Nxd4 {[%emt 0:00:21]} 17. Bxd4 {[%emt 0:01:38]} Bxd4 {[%emt 0:00:24]} 18. Rad1 {[%emt 0:00:15]} Qg5+ {[%emt 0:02:32]} 19. Kh1 {[%emt 0:00:01]} Be5 {[%emt 0:00:14]} 20. Rd5 {[%emt 0:03:50]} Qf4 {[%emt 0:01:35]} 21. Rxe5 {[%emt 0:00:02]} Qxe5 {[%emt 0:00:22]} 22. Rg1 {[%emt 0:00:13]} Qf6 {[%emt 0:02:39]} 23. Bxg6 {[%emt 0:03:40]} Qxf3+ {[%emt 0:00:03]} 24. Rg2 {[%emt 0:02:56]} Qxb3 {[%emt 0:00:04]} 25. axb3 {[%emt 0:07:59]} Rac8 {[%emt 0:00:30]} 26. h3 {[%emt 0:00:00]} Rc1+ {[%emt 0:00:09]} 27. Kh2 {[%emt 0:00:00]} Rb1 {[%emt 0:00:29]} 28. Bf5 {[%emt 0:00:00]} Rxb3 {[%emt 0:00:33]} 29. Rg6 {[%emt 0:00:00]} Rf6 {[%emt 0:00:24]} 30. Rg2 {[%emt 0:00:00]} a5 {[%emt 0:00:19]} 31. Bd7 {[%emt 0:00:00]} b5 {[%emt 0:00:55]} 32. e5 {[%emt 0:00:00]} Rf4 {[%emt 0:02:19]} 33. Be6 {[%emt 0:00:00]} Rbf3 {[%emt 0:00:13]} 34. Rg8+ {[%emt 0:00:00]} Kh7 {[%emt 0:00:02]} 35. Re8 {[%emt 0:00:00]} Rxf2+ {[%emt 0:00:28]} 36. Kg3 {[%emt 0:00:00]} R2f3+ {[%emt 0:00:34]} 37. Kg2 {[%emt 0:00:00]} b4 {[%emt 0:00:41]} 38. Rxe7+ {[%emt 0:00:00]} Kg6 {[%emt 0:00:06]} 39. Bg4 {[%emt 0:00:00]} Rf2+ {[%emt 0:00:22]} 40. Kg3 {[%emt 0:00:00]} Rf7 {[%emt 0:00:51]} 41. Re6+ {[%emt 0:00:00]} Kg7 {[%emt 0:00:01]} 42. Ra6 {[%emt 0:02:50]} Ra2 {[%emt 0:00:15]} 43. Bh5 {[%emt 0:00:00]} Re7 {[%emt 0:04:08]} 44. Kf4 {[%emt 0:00:00]} Rf2+ {[%emt 0:00:00]} 45. Ke4 {[%emt 0:00:00]} Ra2 {[%emt 0:00:00]} 46. Rg6+ {[%emt 0:00:00]} Kh7 {[%emt 0:00:00]} 47. Rb6 {[%emt 0:00:00]} Rb2 {[%emt 0:00:00]} 48. Ra6 {[%emt 0:00:00]} Rb3 {[%emt 0:00:00]} 49. Bg4 {[%emt 0:00:00]} Ra3 {[%emt 0:00:00]} 50. Bf5+ {[%emt 0:00:00]} Kg7 {[%emt 0:00:00]} 51. Rg6+ {[%emt 0:00:00]} Kf7 {[%emt 0:00:00]} 52. Rxh6 {[%emt 0:00:00]} Rg3 {[%emt 0:00:00]} 53. Ra6 {[%emt 0:00:00]} Rg1 {[%emt 0:00:26]} 54. Rxa5 {[%emt 0:00:00]} Re1+ {[%emt 0:00:03]} 55. Kf4 {[%emt 0:00:00]} b3 {[%emt 0:01:31]} 56. Rb5 {[%emt 0:00:00]} Rf1+ {[%emt 0:00:19]} 57. Kg5 {[%emt 0:00:00]} Re1 {[%emt 0:00:09]} 58. e6+ {[%emt 0:00:00]} Kg7 {[%emt 0:00:03]} 59. Rxb3 {[%emt 0:00:00]} Re5 {[%emt 0:00:16]} 60. Kf4 {[%emt 0:00:00]} Rc5 {[%emt 0:00:13]} 61. Rg3+ {[%emt 0:00:00]} Kf8 {[%emt 0:00:10]} 62. Rg6 {[%emt 0:00:00]} Rg7 {[%emt 0:00:12]} 63. Rh6 {[%emt 0:00:00]} Ke7 {[%emt 0:00:06]} 64. h4 {[%emt 0:00:00]} Rc4+ {[%emt 0:00:11]} 65. Ke5 {[%emt 0:00:00]} Rc5+ {[%emt 0:00:03]} 66. Ke4 {[%emt 0:04:00]} Rc4+ {[%emt 0:00:11]} 67. Kd5 {[%emt 0:00:00]} Rf4 {[%emt 0:00:09]} 68. Ke5 {[%emt 0:00:00]} Ra4 {[%emt 0:00:06]} 69. h5 {[%emt 0:00:00]} Ra5+ {[%emt 0:00:03]} 70. Kf4 {[%emt 0:00:00]} Ra4+ {[%emt 0:00:07]} 71. Be4 {[%emt 0:00:00]} Rg1 {[%emt 0:00:28]} 72. Kf3 {[%emt 0:05:00]} Rf1+ {[%emt 0:00:17]} 73. Ke2 {[%emt 0:00:00]} Rf6 {[%emt 0:00:26]} 74. Bg6 {[%emt 0:00:00]} Rxe6+ {[%emt 0:00:05]} 75. Kd3 {[%emt 0:00:00]} Ra5 {[%emt 0:00:33]} 76. Rh7+ {[%emt 0:00:00]} Kf6 {[%emt 0:00:10]} 77. Rf7+ {[%emt 0:00:00]} Kg5 {[%emt 0:00:41]} 78. Rf1 {[%emt 0:00:00]} Rd5+ {[%emt 0:00:12]} 79. Kc4 {[%emt 0:00:00]} Rd8 {[%emt 0:00:07]} 80. Rf5+ {[%emt 0:00:00]} Kh6 {[%emt 0:00:03]} 81. Rc5 {[%emt 0:00:00]} Red6 {[%emt 0:00:10]} 82. Bf7 {[%emt 0:00:00]} Rd4+ {[%emt 0:00:08]} 83. Kb5 {[%emt 0:00:00]} Rb8+ {[%emt 0:00:05]} 84. Ka5 {[%emt 0:00:00]} Ra8+ {[%emt 0:00:16]} 85. Kb5 {[%emt 0:02:10]} Rb8+ {[%emt 0:00:03]} 86. Ka5 {[%emt 0:00:00]} Rd1 {[%emt 0:01:04]} 87. Rc6+ {[%emt 0:00:20]} Kg7 {[%emt 0:00:10]} 88. Bc4 {[%emt 0:00:10]} Ra1+ {[%emt 0:00:10] Bf7 [%clk 0:00:00] Kh7+ [%clk 0:00:00]} 89. Ba2 {[%emt 0:00:10] Kh6 [%clk 0:00:00]} 1/2-1/2

[Event "SWVG Arnold Classic Prestige All 2019"]
[Site "Sandton"]
[Date "2019.05.18"]
[Round "6.12"]
[White "Tapera, Uzeni"]
[Black "Smit, Devon"]
[Result "0-1"]
[WhiteElo "1748"]
[BlackElo "1743"]
[Annotator "NA"]
[PlyCount "144"]
[EventDate "2019.05.18"]
[EventType "swiss"]
[EventCountry "RSA"]
[SourceTitle "playchess.com"]
[Source "ChessBase"]
[SourceQuality "1"]
[TimeControl "1500+10"]

1. e4 {[%emt 0:25:10]} c5 {[%emt 0:25:10]} 2. Nf3 {[%emt 0:00:10]} d6 3. d4 {[%emt 0:00:10]} cxd4 {[%emt 0:00:20]} 4. Nxd4 Nf6 {[%emt 0:00:10]} 5. Nc3 {[%emt 0:00:20]} g6 {[%emt 0:00:10]} 6. Be3 {[%emt 0:00:10]} Bg7 {[%emt 0:00:10]} 7. f3 {[%emt 0:00:10]} Nc6 {[%emt 0:00:10]} 8. Qd2 {[%emt 0:00:10]} O-O {[%emt 0:00:10]} 9. Bc4 {[%emt 0:00:10]} Bd7 {[%emt 0:00:10]} 10. O-O-O {[%emt 0:00:10]} Rc8 {[%emt 0:00:10]} 11. Kb1 {[%emt 0:00:10]} Nxd4 {[%emt 0:00:10]} 12. Qxd4 {[%emt 0:00:10]} Ng4 {[%emt 0:00:10]} 13. Bxf7+ {[%emt 0:00:10]} Rxf7 {[%emt 0:00:10]} 14. Qxa7 {[%emt 0:00:10]} Ra8 {[%emt 0:00:10]} 15. Qb6 {[%emt 0:00:10]} Nxe3 {[%emt 0:00:10]} 16. Qxe3 {[%emt 0:00:10]} Qa5 {[%emt 0:00:10]} 17. Rd5 {[%emt 0:00:10]} Qb4 {[%emt 0:00:10]} 18. Nd1 {[%emt 0:00:10]} Be6 {[%emt 0:00:10]} 19. a3 {[%emt 0:00:10]} Qc4 {[%emt 0:00:10]} 20. Rd3 {[%emt 0:00:10]} Qa2+ {[%emt 0:00:10]} 21. Kc1 {[%emt 0:00:10]} Bc4 {[%emt 0:00:10]} 22. Rc3 {[%emt 0:00:10]} Bxc3 {[%emt 0:00:10]} 23. Qxc3 {[%emt 0:00:10]} Rc8 {[%emt 0:00:10]} 24. Kd2 {[%emt 0:00:10]} Be6 {[%emt 0:00:10]} 25. Qe3 {[%emt 0:00:10]} Qc4 {[%emt 0:00:10]} 26. Nc3 {[%emt 0:00:10]} d5 {[%emt 0:00:10]} 27. exd5 {[%emt 0:00:10]} Bxd5 {[%emt 0:00:10]} 28. Kc1 {[%emt 0:00:10]} e6 {[%emt 0:00:10]} 29. Kb1 {[%emt 0:00:10]} Qf4 {[%emt 0:00:10]} 30. Qe1 {[%emt 0:00:10]} Qf5 {[%emt 0:00:10]} 31. h4 {[%emt 0:00:10]} h5 {[%emt 0:00:10]} 32. g4 {[%emt 0:00:10]} Qxf3 {[%emt 0:00:10]} 33. Nxd5 {[%emt 0:00:10]} Qxd5 {[%emt 0:00:10]} 34. gxh5 {[%emt 0:00:10]} Qxh5 {[%emt 0:00:10]} 35. Qxe6 {[%emt 0:00:10]} Qf5 {[%emt 0:00:10]} 36. Qe2 {[%emt 0:00:10]} Qf3 {[%emt 0:00:10]} 37. Qe1 {[%emt 0:00:10]} Rcf8 {[%emt 0:00:10]} 38. Ka2 {[%emt 0:00:10]} Qd5+ {[%emt 0:00:10]} 39. b3 {[%emt 0:00:10]} Rf2 {[%emt 0:00:10]} 40. Kb2 {[%emt 0:00:10]} Qd4+ {[%emt 0:00:10]} 41. Kb1 {[%emt 0:00:10]} Qf6 {[%emt 0:00:10]} 42. Qe4 {[%emt 0:00:10]} Rf1+ {[%emt 0:00:10]} 43. Rxf1 {[%emt 0:00:10]} Qxf1+ {[%emt 0:00:10]} 44. Ka2 {[%emt 0:00:10]} Qf5 {[%emt 0:00:10]} 45. Qc4+ {[%emt 0:00:10]} Kh7 {[%emt 0:00:10]} 46. Kb2 {[%emt 0:00:10]} Rc8 {[%emt 0:00:10]} 47. Qe2 {[%emt 0:00:10]} Qf6+ {[%emt 0:00:10]} 48. Ka2 {[%emt 0:00:10]} Rc7 {[%emt 0:00:10]} 49. h5 {[%emt 0:00:10]} g5 {[%emt 0:00:10]} 50. c4 {[%emt 0:00:10]} Re7 {[%emt 0:00:10]} 51. Qd3+ {[%emt 0:00:10]} Kh6 {[%emt 0:00:10]} 52. a4 {[%emt 0:00:10]} Re1 {[%emt 0:00:10]} 53. Ka3 {[%emt 0:00:10]} Ra1+ {[%emt 0:00:10]} 54. Kb4 {[%emt 0:00:10]} Re1 {[%emt 0:00:10]} 55. a5 {[%emt 0:00:10]} Qe7+ {[%emt 0:00:10]} 56. Kb5 {[%emt 0:00:10]} Re5+ {[%emt 0:00:10]} 57. Ka4 {[%emt 0:00:10]} Qe6 {[%emt 0:00:10]} 58. b4 {[%emt 0:00:10]} Re3 {[%emt 0:00:10]} 59. Qd4 {[%emt 0:00:10]} Re5 {[%emt 0:00:10]} 60. b5 {[%emt 0:00:10]} Kxh5 {[%emt 0:00:10]} 61. Qd1+ {[%emt 0:00:10]} g4 {[%emt 0:00:10]} 62. Qh1+ Kg5 {[%emt 0:00:10]} 63. Qc1+ {[%emt 0:00:20]} Re3 {[%emt 0:00:10]} 64. b6 {[%emt 0:00:10]} Kg6 {[%emt 0:00:10]} 65. Qc2+ {[%emt 0:00:10]} Qe4 {[%emt 0:00:10]} 66. Qxe4+ {[%emt 0:00:10]} Rxe4 {[%emt 0:00:10]} 67. a6 bxa6 {[%emt 0:00:10]} 68. b7 {[%emt 0:00:20]} Re8 {[%emt 0:00:10]} 69. c5 {[%emt 0:00:10]} g3 {[%emt 0:00:10]} 70. c6 g2 {[%emt 0:00:10]} 71. c7 {[%emt 0:00:20]} g1=Q {[%emt 0:00:10]} 72. b8=Q {[%emt 0:00:10]} Qa1+ {[%emt 0:00:10] Qc8 [%clk 0:00:00] Qd4+ [%clk 0:00:00]} 0-1

[Event "SWVG Arnold Classic Prestige All 2019"]
[Site "Sandton"]
[Date "2019.05.18"]
[Round "7.1"]
[White "Grover, Sahaj"]
[Black "Zwakala, Ntando"]
[Result "1-0"]
[WhiteElo "2515"]
[BlackElo "2088"]
[Annotator "TA"]
[PlyCount "72"]
[EventDate "2019.05.18"]
[EventType "swiss"]
[EventCountry "RSA"]
[SourceTitle "playchess.com"]
[Source "ChessBase"]
[SourceQuality "1"]

{[%evp 9,72,0,0,-14,10,-23,-30,-67,-67,-64,-69,-68,-23,-50,-35,-78,-64,-66,-62,-104,-94,-148,-148,-169,-147,-150,-94,-113,-65,-76,-74,-66,-52,-51,-35,-61,-38,-60,-60,-58,-56,-57,-39,-105,-99,-140,0,0,0,0,-5,-168,-132,-209,-220,-543,-545,-535,-504,-2332,-2206,-2162,-2125,-3288,-2971]} 1. c4 e6 2. g3 d5 3. Bg2 dxc4 4. Nf3 a6 5. O-O Nf6 6. Qc2 {A13: English Opening: 1...e6} b5 (6... Nbd7 7. a4 Nb6 8. a5 Nbd5 9. Qxc4 b5 10. axb6 cxb6 11. Nc3 Bb7 12. d4 b5 13. Qb3 Be7 {½-½ (67) Adhiban,B (2695)-Jumabayev,R (2602) Makati 2018}) 7. a4 Bb7 8. axb5 {Black has an edge.} axb5 9. Rxa8 Bxa8 10. Nc3 c6 $146 ({Predecessor:} 10... b4 11. Nd1 Bd5 12. Ne3 b3 13. Qc3 Ne4 14. Qa5 Nc6 15. Qb5 Nd6 16. Qa4 Qd7 17. d3 Ne5 {1-0 (17) Sand,R (1989)-Giulian,P (2179) Bled 2018}) 11. Rd1 Na6 $36 {[%mdl 2048] Black is more active.} 12. d4 Be7 13. Ne5 Nb4 14. Qd2 O-O 15. e4 (15. b3 $142) 15... Nd7 $17 16. Nf3 Qb8 17. Qe2 Nd3 (17... c5 $142 18. Be3 Nd3) 18. Be3 Bb4 19. Na2 c5 20. Nxb4 cxb4 21. Ne1 Nxe1 22. Qxe1 Nf6 23. Bg5 b3 24. Bxf6 gxf6 25. Qe3 Kg7 $1 26. Ra1 (26. e5 $15) 26... Rd8 27. h4 {[#]} e5 ({Better is} 27... b4 $1 $17 28. h5 Qb6 29. h6+ Kf8) 28. d5 $11 b4 29. h5 {aiming for h6+.} h6 $1 30. Bh3 $2 {[#]} (30. Rc1 $11 {and White stays safe.} Qc8 31. Rb1) 30... Qc7 $1 $19 31. Qf3 (31. Rb1 $17 {was called for.}) 31... c3 32. Ra6 $2 (32. Qg4+ {was the crucial defense.} Kf8 33. Qf3) 32... c2 {Black is clearly winning.} 33. Qxf6+ Kg8 34. Be6 (34. Ra1 $142 c1=Q+ 35. Rxc1 Qxc1+ {[%mdl 64] Double Attack} 36. Kg2 Rxd5 37. Be6) 34... c1=Q+ {[%mdl 64] Double Attack} 35. Kh2 Qg5 36. Bxf7+ Qxf7 {[%mdl 32768] Accuracy: White = 35%, Black = 72%. . Loss on time!?} 1-0

[Event "SWVG Arnold Classic Prestige All 2019"]
[Site "Sandton"]
[Date "2019.05.18"]
[Round "7.2"]
[White "Mabusela, Johannes Manyedi"]
[Black "Cawdery, Daniel"]
[Result "0-1"]
[WhiteElo "2220"]
[BlackElo "2428"]
[Annotator "TA"]
[PlyCount "40"]
[EventDate "2019.05.18"]
[EventType "swiss"]
[EventCountry "RSA"]
[SourceTitle "playchess.com"]
[Source "ChessBase"]
[SourceQuality "1"]

{[%evp 13,40,20,30,0,16,14,16,24,33,20,41,0,-9,-15,-16,-36,0,0,0,-47,0,-87,-93,-272,-265,-693,0,-133,-25]} 1. d4 Nf6 2. Nf3 g6 3. Nc3 Bg7 4. e4 d6 5. Bg5 O-O 6. Qd2 c6 7. O-O-O b5 {next ...b4 is good for Black.} 8. e5 {B08: Pirc Defence: Classical System} b4 9. exf6 bxc3 10. Qxc3 {The position is equal.} exf6 11. Bf4 a5 12. Qa3 $146 ({Predecessor:} 12. h4 Be6 13. Qa3 d5 14. h5 Re8 15. hxg6 fxg6 {0-1 (34) Nikac,P (2361)-Pantovic,D (2131) Bar 2005}) 12... d5 13. Bd3 Na6 14. c3 Re8 15. Rhe1 Be6 16. h4 h5 (16... a4 $5) 17. Kb1 {[#]} (17. Qa4 $11) 17... a4 $1 $17 18. Re2 $2 {[#]} (18. c4 $17 {is a better defense.}) 18... Bf8 $1 $19 {[%cal Rf8a3]} 19. Bd6 $2 (19. Qxa4 Nb4 20. Qxa8 (20. Qb3 $2 Nxd3 21. Rxd3 Bf5 $19) 20... Qxa8 21. cxb4) 19... Bg7 $2 (19... Bxd6 $19 20. Qxa4 Nb4 21. Qxa8 Qxa8 22. cxb4 Bxb4) 20. Ree1 (20. Bf4 $1 $11 {remains equal.}) 20... Nb8 {[%mdl 32768] Accuracy: White =  8%, Black = 48%. . Loss on time!?} (20... Nc7 $17) 0-1

[Event "SWVG Arnold Classic Prestige All 2019"]
[Site "Sandton"]
[Date "2019.05.18"]
[Round "7.3"]
[White "Makoto, Rodwell"]
[Black "Oatlhotse, Providence"]
[Result "1-0"]
[WhiteElo "2369"]
[BlackElo "2289"]
[Annotator "ChessBase"]
[PlyCount "97"]
[EventDate "2019.05.18"]
[EventType "swiss"]
[EventCountry "RSA"]
[SourceTitle "playchess.com"]
[Source "ChessBase"]
[SourceQuality "1"]
[TimeControl "1500+10"]

1. Nf3 {[%emt 0:00:00]} Nf6 {[%emt 0:00:00]} 2. c4 {[%emt 0:25:20]} b6 3. g3 {[%emt 0:00:10]} Ba6 4. d3 {[%emt 0:00:00]} c6 {[%emt 0:00:00]} 5. e4 {[%emt 0:00:00]} d5 {[%emt 0:00:18]} 6. e5 {[%emt 0:00:00]} Nfd7 {[%emt 0:00:05]} 7. e6 {[%emt 0:00:00]} fxe6 {[%emt 0:00:16]} 8. Ng5 {[%emt 0:00:00]} Nf6 {[%emt 0:04:59]} 9. Nxe6 {[%emt 0:00:00]} Qd6 {[%emt 0:00:13]} 10. Bh3 {[%emt 0:00:00]} Bc8 {[%emt 0:01:45]} 11. Bf4 {[%emt 0:00:00]} Qb4+ {[%emt 0:00:04]} 12. Qd2 {[%emt 0:00:00]} Qxd2+ {[%emt 0:00:19]} 13. Nxd2 {[%emt 0:00:00]} Na6 {[%emt 0:00:02]} 14. Nb3 {[%emt 0:00:00]} h6 {[%emt 0:00:25]} 15. O-O-O {[%emt 0:00:00]} Rg8 {[%emt 0:04:39]} 16. Rhe1 {[%emt 0:00:00]} g5 {[%emt 0:03:00]} 17. Bd2 {[%emt 0:00:00]} Bd7 {[%emt 0:02:38]} 18. Bc3 {[%emt 0:00:00]} Kf7 {[%emt 0:00:54]} 19. Bxf6 {[%emt 0:00:00]} Kxf6 {[%emt 0:00:26]} 20. Nxg5 {[%emt 0:00:00]} Bxh3 {[%emt 0:01:25]} 21. Nxh3 {[%emt 0:00:00]} e5 {[%emt 0:00:01]} 22. f4 {[%emt 0:00:00]} Bd6 {[%emt 0:00:38]} 23. fxe5+ {[%emt 0:00:00]} Bxe5 {[%emt 0:00:02]} 24. Re2 {[%emt 0:00:00]} Rge8 {[%emt 0:02:49]} 25. Rf1+ {[%emt 0:00:00]} Kg7 {[%emt 0:00:01]} 26. Rfe1 {[%emt 0:00:00]} Nb4 {[%emt 0:00:03]} 27. Kd2 {[%emt 0:00:00]} dxc4 {[%emt 0:00:53]} 28. Nc1 {[%emt 0:00:00]} Kf6 {[%emt 0:02:07]} 29. Nf2 {[%emt 0:00:00]} h5 {[%emt 0:00:22]} 30. a3 {[%emt 0:00:00]} Nxd3 {[%emt 0:01:13]} 31. Ncxd3 {[%emt 0:00:00]} cxd3 {[%emt 0:00:01]} 32. Nxd3 {[%emt 0:00:00]} Rad8 {[%emt 0:00:01]} 33. Kc2 {[%emt 0:00:00]} Rd5 {[%emt 0:00:51]} 34. Rf1+ {[%emt 0:00:00]} Kg7 {[%emt 0:00:00]} 35. Rf5 {[%emt 0:00:00]} Red8 {[%emt 0:00:04]} 36. Nxe5 {[%emt 0:00:00]} Rc5+ {[%emt 0:00:11]} 37. Kb3 {[%emt 0:00:00]} Rdd5 {[%emt 0:00:11]} 38. Rxh5 {[%emt 0:00:00]} a5 {[%emt 0:00:10]} 39. h4 {[%emt 0:00:00]} Rb5+ {[%emt 0:00:05]} 40. Ka2 {[%emt 0:00:00]} Rbc5 {[%emt 0:00:11]} 41. Rg5+ {[%emt 0:00:00]} Kf6 {[%emt 0:00:16]} 42. Rf2+ {[%emt 0:00:00]} Ke6 {[%emt 0:00:02]} 43. Nf3 {[%emt 0:00:00]} a4 {[%emt 0:00:08]} 44. Rxd5 {[%emt 0:00:00]} Kxd5 {[%emt 0:00:06]} 45. h5 {[%emt 0:00:00]} Ke4 {[%emt 0:00:02]} 46. h6 {[%emt 0:00:00]} Ra5 {[%emt 0:00:26]} 47. h7 {[%emt 0:00:00]} Ra8 {[%emt 0:00:02]} 48. Ng5+ {[%emt 0:00:00]} Ke3 {[%emt 0:00:01]} 49. Rh2 {[%emt 0:00:00]} 1-0